Z nových spojení na Východ může těžit i ČR

Tri štvrtiny tovarov, ktoré dnes putujú do Európskej únie, plávajú po mori. Dôležitosť námornej dopravy stále rastie a zvyšuje sa záujem aj o prepravu cez Severný ľadový oceán. Stále viac európskych firiem využíva možnosti železničnej prepravy. Prínos by to malo mať aj pre české firmy.

Gespeichert in:
Bibliographische Detailangaben
1. Verfasser: Břešťan, Robert
Format: Buchkapitel
Sprache:Tschechisch
Schlagworte:
Tags: Tag hinzufügen
Keine Tags, Fügen Sie das erste Tag hinzu!

MARC

LEADER 00000naa a2200000 4500
001 0182221
005 20231211080350.2
041 0 |a cze 
044 |a CZ 
245 1 0 |a Z nových spojení na Východ může těžit i ČR  |c Robert Břešťan 
520 |a Tri štvrtiny tovarov, ktoré dnes putujú do Európskej únie, plávajú po mori. Dôležitosť námornej dopravy stále rastie a zvyšuje sa záujem aj o prepravu cez Severný ľadový oceán. Stále viac európskych firiem využíva možnosti železničnej prepravy. Prínos by to malo mať aj pre české firmy. 
610 2 0 |a doprava nákladná 
610 2 0 |a doprava námorná 
610 2 0 |a doprava železničná nákladná 
610 2 0 |a Európska únia 
610 2 0 |a Čína 
610 2 0 |a Rusko 
610 2 0 |a Česko 
100 1 |a Břešťan, Robert